000 00647cam a22002413a 4500
001 3256
003 PGUSA
005 20140828083029.0
008 020601s2002||||xxu|||||s|||||000 | eng d
040 _aPGUSA
_beng
042 _adc
050 4 _aPN
100 1 _aMaclaren, Ian,
_d1850-1907
245 1 0 _aBooks and Bookmen
_h[electronic resource] /
_cIan Maclaren
260 _bProject Gutenberg,
_c2002
506 _aPublic domain in the USA.
516 _aElectronic text
653 _aBooks and reading
653 _aBook collectors
830 0 _aProject Gutenberg
_v3256
856 4 0 _uhttp://www.gutenberg.org/ebooks/3256
942 _cEB
999 _c232585
_d232585